A guide to SPSS/PC+
Αποθηκεύτηκε σε:
| Κύριος συγγραφέας: | |
|---|---|
| Μορφή: | Βιβλίο |
| Γλώσσα: | English |
| Δημοσίευση: |
London :
Macmillan,
c1987.
|
| Θέματα: | |
| Ετικέτες: |
Προσθήκη ετικέτας
Δεν υπάρχουν, Καταχωρήστε ετικέτα πρώτοι!
|
MARC
| LEADER | 00000cam a2200000 i 4500 | ||
|---|---|---|---|
| 001 | 1/46174 | ||
| 008 | 960612s1987 enk| ||| |||| ||eng|| | ||
| 020 | |a 0333447174 | ||
| 035 | |a 1988 |b 3 |c Αγορά/Αφένδρας |l 10026275 | ||
| 040 | |a GR-MyUa |b gre |e AACR2 | ||
| 041 | 0 | |a eng | |
| 082 | 7 | |a 300.285416 |2 (22) | |
| 100 | 1 | |a Frude, Neil. | |
| 245 | 1 | 2 | |a A guide to SPSS/PC+ / |c Neil Frude. |
| 260 | |a London : |b Macmillan, |c c1987. | ||
| 300 | |a xv, 279 σ. ; |c 24 εκ. | ||
| 500 | |a Περιλαμβάνει ευρετήριο. | ||
| 630 | 0 | 0 | |a SPSS/PC+ (Computer file) |
| 650 | 0 | |a Social sciences |x Statistical methods |x Computer programs. | |
| 650 | 0 | |a Social sciences |x Computer programs. | |
| 852 | |a INST |b CHIOS |e 19971209 |h 300.285416 FRU |p 005200010238 |q 005200010238 |t BK |y 0 | ||
| 852 | |a INST |b RHODES |e 19960612 |h 005.369 FRU |p 005400003044 |q 005400003044 |t BK |y 0 | ||
| 901 | |a BIBL-1997-3 | ||